Capitals With The Same 1st Three Letters - Statistics

General Stats
  • This quiz has been taken 53 times
  • The average score is 30 of 48
Answer Stats
Hint Capital Cities % Correct
Santiago
86%
S/S/S/S/S/S San Jose
83%
P/P/P/P/P/P Port au Prince
80%
Santo Domingo
80%
V/V Vienna
80%
Belmopan
77%
San Marino
77%
Vientiane
77%
Port Louis
74%
Port Moresby
74%
Port of Spain
74%
B/B/B Brasilia
71%
Kinshasa
71%
San Salvador
71%
Bern
69%
Bratislava
69%
Banjul
66%
B/B Belgrade
66%
B/B Berlin
66%
K/K/K Kingston
66%
Kingstown
66%
Porto Novo
66%
Port Vila
66%
Bangui
63%
P/P Prague
63%
Bangkok
60%
Brazzaville
60%
M/M/M Managua
60%
Paris
60%
Praia
60%
Sana'a
60%
B/B/B/B Bandar Seri Begawan
57%
P/P Paramaribo
54%
S/S St George's
54%
St John's
54%
Abuja
51%
M/M Malabo
51%
M/M/M Monaco
51%
A/A Abu Dhabi
49%
Male
49%
Manama
49%
Montevideo
49%
Manila
46%
B/B Beijing
40%
Beirut
40%
Monrovia
40%
B/B Bishkek
37%
Bissau
34%
No matching quizzes found
Score Distribution
Percent of People with Each Score
Percentile by Number Answered
Your Score History
You have not taken this quiz